<?xml version="1.0" encoding="UTF-8"?><?xml-stylesheet type="text/xsl" href="static/style.xsl"?><OAI-PMH xmlns="http://www.openarchives.org/OAI/2.0/" xmlns:xsi="http://www.w3.org/2001/XMLSchema-instance" xsi:schemaLocation="http://www.openarchives.org/OAI/2.0/ http://www.openarchives.org/OAI/2.0/OAI-PMH.xsd"><responseDate>2026-04-14T08:40:57Z</responseDate><request verb="GetRecord" identifier="oai:www.recercat.cat:10230/57424" metadataPrefix="marc">https://recercat.cat/oai/request</request><GetRecord><record><header><identifier>oai:recercat.cat:10230/57424</identifier><datestamp>2025-12-17T20:24:31Z</datestamp><setSpec>com_2072_6</setSpec><setSpec>col_2072_452954</setSpec></header><metadata><record xmlns="http://www.loc.gov/MARC21/slim" xmlns:dcterms="http://purl.org/dc/terms/" xmlns:xsi="http://www.w3.org/2001/XMLSchema-instance" xmlns:doc="http://www.lyncode.com/xoai" xsi:schemaLocation="http://www.loc.gov/MARC21/slim http://www.loc.gov/standards/marcxml/schema/MARC21slim.xsd">
   <leader>00925njm 22002777a 4500</leader>
   <datafield ind2=" " ind1=" " tag="042">
      <subfield code="a">dc</subfield>
   </datafield>
   <datafield ind2=" " ind1=" " tag="720">
      <subfield code="a">Barrobés Carbonel, Mireia</subfield>
      <subfield code="e">author</subfield>
   </datafield>
   <datafield ind2=" " ind1=" " tag="260">
      <subfield code="c">2023-06-30T09:02:34Z</subfield>
   </datafield>
   <datafield ind2=" " ind1=" " tag="260">
      <subfield code="c">2023-06-30T09:02:34Z</subfield>
   </datafield>
   <datafield ind2=" " ind1=" " tag="260">
      <subfield code="c">2023-06-20</subfield>
   </datafield>
   <datafield ind2=" " ind1=" " tag="520">
      <subfield code="a">Treball de Fi de Grau en Dret. Curs 2022-2023</subfield>
   </datafield>
   <datafield ind2=" " ind1=" " tag="520">
      <subfield code="a">Tutor: Nicolàs Nogueroles Peiró</subfield>
   </datafield>
   <datafield ind2=" " ind1=" " tag="520">
      <subfield code="a">En el presente trabajo, se realiza un análisis de una cuestión que ha sido objeto de controversia a lo largo de los años y que actualmente sigue siendo un elemento difícil de determinar en nuestro ordenamiento jurídico: el papel que juega la buena fe en nuestro sistema inmobiliario. El concepto de la buena fe registral es tratado a la luz de la Ley Hipotecaria, mediante su plasmación en el artículo 34 LH, como a un requisito para que el adquirente que inscribe en el correspondiente asiento registral el derecho que le ha sido transmitido, sea protegido en su adquisición frente vicios o defectos del título de su transmitente que no constasen en los datos registrales. No obstante, aunque en un primer momento tal concepto puede parecer que goce de un cierto automatismo y de una solución clara, la realidad es muy distinta. Así, el objetivo de esta tesis es evidenciar que en nuestro ordenamiento jurídico no existe una concepción unitaria del concepto de buena fe registral, entrando en detalle respecto las distintas posturas que han surgido doctrinal y jurisprudencialmente al respecto.</subfield>
   </datafield>
   <datafield tag="653" ind2=" " ind1=" ">
      <subfield code="a">Treball de fi de grau – Curs 2022-2023</subfield>
   </datafield>
   <datafield tag="653" ind2=" " ind1=" ">
      <subfield code="a">Hipoteques (Espanya)</subfield>
   </datafield>
   <datafield ind2="0" ind1="0" tag="245">
      <subfield code="a">La noción de buena fe en el derecho registral español</subfield>
   </datafield>
</record></metadata></record></GetRecord></OAI-PMH>